| 000 | 01618nam a2200265Ia 4500 | ||
|---|---|---|---|
| 999 |
_c54329 _d54329 |
||
| 001 | 21385 | ||
| 003 | GE_BSU | ||
| 005 | 20220825135739.0 | ||
| 008 | 181216s2017||||ge |||||||||||||| ||geo|| | ||
| 020 | _aissn 2449-2507 | ||
| 040 | _cGE_BSU | ||
| 041 | _ageo | ||
| 080 | _a378(063) ს-32 | ||
| 245 |
_aსაქართველოს მეცნიერებათა ეროვნული აკადემია. აჭარის ავტონომიური რესპუბლიკის რეგიონული სამეცნიერო ცენტრი : _bშრომები II / _cმთ. რედ. ვანო პაპუნიძე ; ინგლ. ტექსტის რედ. ნ. აროშიძე ; ქართ. ტექსტის რედ. ნ. ცეცხლაძე. |
||
| 264 |
_aბათუმი : _bსაქ მეცნ. ეროვნ. აკად სტამბა, _c2017. |
||
| 300 |
_a316 გვ.; _bილ. _c30 სმ. |
||
| 541 | _h12 ლ. | ||
| 546 | _aპარალელური სათაური და შიდა ტექსტები ინგლისურ ენაზე | ||
| 653 | _aშრომები | ||
| 700 |
_aპაპუნიძე, ვანო _eმთავარი რედაქტორი _91737 |
||
| 700 |
_aაროშიძე, ნ. _eრედაქტორი _912847 |
||
| 700 |
_aცეცხლაძე, ნ. _eრედაქტორი _910297 |
||
| 856 |
_uhttp://science.org.ge/newsite/ajara/ajara-works-2.pdf _yელ. ვერსია pdf |
||
| 942 |
_cBK _2udc |
||